Влияние радия на способность кристаллизации переохлажденного пиперина: [оттиск статьи]

מידע ביבליוגרפי
מחבר ראשי: Большанина М. А.
מחברים אחרים: Кузнецов В. Д. Владимир Дмитриевич
שפה:רוסית
יצא לאור: 1924
סדרה:Журнал Русского физико-химическаго общества. Физический отдел Т. 57, в. 1-2
נושאים:
פורמט: ספר
KOHA link:https://koha.lib.tpu.ru/cgi-bin/koha/opac-detail.pl?biblionumber=352496

MARC

LEADER 00000nam0a2200000 4500
001 352496
005 20231102010514.0
035 |a (RuTPU)RU\TPU\retro\9110 
090 |a 352496 
100 |a 20200114d1924 k y0rusy50 ca 
101 0 |a rus 
102 |a RU 
105 |a y z 000zy 
200 1 |a Влияние радия на способность кристаллизации переохлажденного пиперина  |e [оттиск статьи]  |f М. А. Большанина, В. Д. Кузнецов 
210 |d 1924 
215 |a С. 15-20 
225 1 |a Журнал Русского физико-химическаго общества. Физический отдел  |v Т. 57, в. 1-2 
320 |a Библиогр. в примеч. 
606 1 |a Кристаллизация  |x Физика  |2 stltpush  |3 (RuTPU)RU\TPU\subj\16302  |9 42427 
610 1 |a коллекция ТПУ 
610 1 |a труды учёных ТПУ 
610 1 |a оттиски 
610 1 |a ионы 
610 1 |a переохлажденные жидкости 
610 1 |a расплавление 
610 1 |a опыты 
675 |a 548.5:53  |v 4 
700 1 |a Большанина  |b М. А. 
701 1 |a Кузнецов  |b В. Д.  |c русский физик  |c профессор, академик АН СССР  |c преподавал в ТТИ и на Сибирских высших женских курсах  |c с 1917 преподавал в ТГУ, директор СФТИ (1929-1933, 1937-1960)  |f 1887-1963  |g Владимир Дмитриевич  |2 stltpush  |3 (RuTPU)RU\TPU\pers\18076 
801 1 |a RU  |b 63413507  |c 20200114 
942 |c BK